00681 2200181 4500001002100000005001500021035002000036007000300056008004100059082001200100084001800112100004900130245018500179260006700364300002900431600002500460856001400485INLIS00000000000905320260312112733 a0010-0326000012ta260312 0  a348.598 a348.598 DEP p0 aDepartemen Pekerjaan Umum Republik Indonesia1 aPeraturan Menteri Pekerjaan Umum Nomor 21 / PRT / M / 2006 :bKebijakan dan Strategi Nasional Pengembangan Sistem Pengelolaan Sampah /cDepartemen Pekerjaan Umum Republik Indonesia aJakarta :bDepartemen Pekerjaan Umum Republik Indonesia,c2006 a36 hlm :bIlusi ;c20 cm 4aperaturan pemerintah aKelas 348